[Event "AUTO-OPEN-4639"]
[Site "http://www.queenalice.com/game.php?id=1869415"]
[Date "2026.2.18"]
[Round "1"]
[White "donadama"]
[Black "IranSilva"]
[Result "1-0"]
[WhiteElo "1995"]
[BlackElo "2069"]

1. d4 d5 2. Nf3 Nf6 3. Bg5 e6 4. e3 Nbd7 5. Bd3 h6 6. Bh4 Be7 7. O-O O-O 8. Nbd2
b6 9. c3 Bb7 10. Re1 c5 11. a3 Nh5 12. Bxe7 Qxe7 13. Ne5 Nhf6 14. Nxd7 Qxd7 15.
e4 dxe4 16. Nxe4 Nxe4 17. Bxe4 cxd4 18. Bxb7 Qxb7 19. Qxd4 Rfd8 20. Qe3 Rd5 21.
h3 Rad8 22. Qf3 Qa6 23. Red1 Qb5 24. Rxd5 Rxd5 25. b4 Qc4 26. Rc1 Rd3 27. Qa8+
Kh7 28. Qxa7 Qf4 29. Rf1 Rxc3 30. b5 g5 31. Qxb6 Rxa3 32. Qc5 Ra4 33. Qc2+ f5
34. Rb1 1-0